[Event "Challenge"]
[Site "http://www.queenalice.com/game.php?id=1565762"]
[Date "2019.3.27"]
[Round "-"]
[White "Freethought"]
[Black "naugard47"]
[Result "0-1"]
[WhiteElo "1837"]
[BlackElo "1778"]

1. Nf3 d5 2. e3 a6 3. Nc3 Nc6 4. d4 Nf6 5. Be2 h6 6. O-O Bf5 7. a3 Qd7 8. Ne5
Qe6 9. Nxc6 Qxc6 10. Bf3 O-O-O 11. Nxd5 Be4 12. Bxe4 Nxe4 13. Nb4 Qg6 14. c4 e6
15. c5 Nxc5 16. Bd2 Ne4 17. Be1 Be7 18. Qf3 f5 19. Rc1 Qe8 20. Qf4 Bd6 21. Qf3
g5 22. h3 Qg6 23. Nd3 h5 24. Bb4 g4 25. Bxd6 gxf3 26. Rxc7+ Kb8 27. Rg7+ Rxd6
28. Rxg6 fxg2 29. Kxg2 h4 30. Ne5 Rh7 31. Rc1 Rh5 32. Rg8+ Ka7 33. Rcc8 Rh7 34.
Nc4 b6 35. Nxd6 Nxd6 36. Rce8 Nxe8 37. Rxe8 Rh6 38. Re7+ Kb8 39. Kf3 Kc8 0-1

[Event "Challenge"]
[Site "http://www.queenalice.com/game.php?id=1565891"]
[Date "2019.3.29"]
[Round "-"]
[White "Freethought"]
[Black "ulisses34"]
[Result "1-0"]
[WhiteElo "1853"]
[BlackElo "1718"]

1. d4 e6 2. c4 d5 3. Nf3 dxc4 4. e4 b5 5. b3 cxb3 6. Qxb3 a6 7. Bd3 Be7 8. O-O
Nf6 9. Bg5 O-O 10. Nbd2 Nfd7 11. Bf4 Nc6 12. Rac1 Nb4 13. Be2 Nb6 14. a3 N4d5
15. exd5 1-0

[Event "AUTO-OPEN-4043"]
[Site "http://www.queenalice.com/game.php?id=1566278"]
[Date "2019.4.1"]
[Round "1"]
[White "Freethought"]
[Black "goldenboy"]
[Result "0-1"]
[WhiteElo "1819"]
[BlackElo "2046"]

1. e4 e5 2. Bc4 Bc5 3. Nf3 d6 4. d4 exd4 5. Nxd4 Qf6 6. Nf3 Bg4 7. Nbd2 Nc6 8.
O-O Nd4 9. c3 Nxf3+ 10. Nxf3 Bxf3 11. Qxf3 Qxf3 12. gxf3 Ne7 13. Bg5 Ng6 14. b4
Bb6 15. a4 Ne5 16. Bb3 Nxf3+ 17. Kh1 Nxg5 18. a5 Bxf2 19. Rxf2 O-O 20. Rg1 Nxe4
21. Rfg2 g6 22. Bd5 Nxc3 23. Bxb7 Rae8 24. Bc6 Re2 0-1

[Event "AUTO-OPEN-4043"]
[Site "http://www.queenalice.com/game.php?id=1566279"]
[Date "2019.4.1"]
[Round "1"]
[White "goldenboy"]
[Black "Freethought"]
[Result "1-0"]
[WhiteElo "1973"]
[BlackElo "1852"]

1. e4 c5 2. f4 d6 3. Nf3 Bg4 4. Bb5+ Nc6 5. O-O Qb6 6. Nc3 Nf6 7. Kh1 e6 8. h3
Bh5 9. g4 Nxg4 10. hxg4 Bxg4 11. Bxc6+ Qxc6 12. d4 cxd4 13. Qxd4 Be7 14. Nh2 e5
15. fxe5 Bh3 16. Rf3 O-O 17. Rxh3 dxe5 18. Qxe5 Bd6 19. Qh5 h6 20. Bxh6 gxh6 21.
Qxh6 f6 22. Qh7# 1-0

[Event "AUTO-OPEN-4043"]
[Site "http://www.queenalice.com/game.php?id=1566280"]
[Date "2019.4.1"]
[Round "1"]
[White "Freethought"]
[Black "Bruscato"]
[Result "0-1"]
[WhiteElo "1812"]
[BlackElo "2319"]

1. e4 c5 2. Nf3 d6 3. d4 cxd4 4. Nxd4 Nf6 5. Nc3 g6 6. Bc4 Bg7 7. O-O O-O 8. Be3
Nc6 9. a3 Ne5 10. Bb3 a5 0-1

[Event "AUTO-OPEN-4043"]
[Site "http://www.queenalice.com/game.php?id=1566281"]
[Date "2019.4.1"]
[Round "1"]
[White "Bruscato"]
[Black "Freethought"]
[Result "1-0"]
[WhiteElo "2320"]
[BlackElo "1810"]

1. e4 c5 2. Nf3 Nc6 3. b3 e5 4. Bb2 d6 5. Bc4 Nf6 6. Nc3 Be7 7. O-O O-O 8. Qe2
a6 9. Rad1 Nb4 10. d3 b5 11. Bd5 Nfxd5 12. Nxd5 1-0

[Event "AUTO-OPEN-4043"]
[Site "http://www.queenalice.com/game.php?id=1566282"]
[Date "2019.4.1"]
[Round "1"]
[White "Freethought"]
[Black "RobertD"]
[Result "0-1"]
[WhiteElo "1837"]
[BlackElo "1946"]

1. e4 c5 2. Nf3 Nc6 3. d4 cxd4 4. Nxd4 g6 5. c3 Bg7 6. Be2 Nf6 7. Bf3 O-O 8. Be3
e5 9. Nb5 a6 10. Nd6 Qc7 11. c4 b6 12. c5 bxc5 13. Bxc5 Rd8 14. Nc3 Qa5 15. Ba3
Nd4 16. O-O Ne8 17. Nc4 Qc7 18. Ne3 Nf6 19. Rc1 Qb6 20. Ned5 Nxd5 21. Nxd5 Qb7
22. b3 d6 23. Qd2 Bh3 24. Bd1 Be6 25. Rc7 Qb5 26. Rc1 Bxd5 27. exd5 f5 28. Qc3
Qxd5 29. Qc7 Nb5 30. Qa5 Qe6 31. b4 Qxa2 32. Bf3 e4 33. Ra1 Bxa1 0-1

[Event "AUTO-OPEN-4043"]
[Site "http://www.queenalice.com/game.php?id=1566283"]
[Date "2019.4.1"]
[Round "1"]
[White "RobertD"]
[Black "Freethought"]
[Result "1-0"]
[WhiteElo "1947"]
[BlackElo "1897"]

1. d4 d5 2. e3 c5 3. dxc5 e5 4. b4 a6 5. Bb2 Nc6 6. c3 Nf6 7. Be2 Be7 8. a3 O-O
9. Nf3 h6 10. O-O Be6 11. c4 dxc4 12. Nxe5 Nxe5 13. Bxe5 b5 14. cxb6 Qxb6 15.
Nc3 Rac8 16. Bd4 Qc6 17. Bf3 Qc7 18. Qc2 Bd6 19. h3 Qd7 20. Bxf6 gxf6 21. Ne4
Bf5 22. Nxf6+ Kg7 23. Qc3 Qe7 24. Ne8+ Kg6 25. Qg7# 1-0

[Event "AUTO-ADV-4159"]
[Site "http://www.queenalice.com/game.php?id=1566388"]
[Date "2019.4.2"]
[Round "1"]
[White "Jsc"]
[Black "Freethought"]
[Result "0-1"]
[WhiteElo "1641"]
[BlackElo "1845"]

1. e4 c5 2. c3 Nc6 3. d4 cxd4 4. cxd4 e6 5. d5 exd5 6. exd5 Ne5 7. d6 Qb6 8. Qe2
Bxd6 9. f4 Qc5 10. fxe5 Qxc1+ 11. Qd1 Qxd1+ 12. Kxd1 Bxe5 13. Kc2 Nf6 14. Nd2 d6
15. Re1 O-O 16. Ngf3 Bf5+ 17. Kd1 Bxb2 0-1

[Event "AUTO-ADV-4159"]
[Site "http://www.queenalice.com/game.php?id=1566389"]
[Date "2019.4.2"]
[Round "1"]
[White "Freethought"]
[Black "krystian"]
[Result "0-1"]
[WhiteElo "1774"]
[BlackElo "1844"]

1. e4 e5 2. Nf3 Nc6 3. Bb5 Bc5 4. O-O Nf6 5. Bxc6 dxc6 6. Nxe5 Nxe4 7. Qf3 Nf6
8. Re1 O-O 9. Rf1 Be6 10. Nc3 Bd4 11. Nd3 Qd6 12. Ne2 Bg4 13. Qf4 Bxe2 14. Qxd6
cxd6 15. Re1 Bxd3 16. cxd3 Rfe8 17. Rxe8+ Rxe8 0-1

[Event "AUTO-ADV-4159"]
[Site "http://www.queenalice.com/game.php?id=1566390"]
[Date "2019.4.2"]
[Round "1"]
[White "krystian"]
[Black "Freethought"]
[Result "1-0"]
[WhiteElo "1830"]
[BlackElo "1788"]

1. e4 c5 2. Nf3 Nc6 3. d4 cxd4 4. Nxd4 e5 5. Nb5 Nf6 6. N1c3 Bb4 7. Bd3 O-O 8.
f4 a6 9. Nd6 Bxd6 10. Qf3 b5 11. Be3 exf4 12. Bxf4 Bxf4 13. Qxf4 d6 14. O-O Ne5
15. a3 Bb7 16. Rad1 Qb6+ 17. Kh1 1-0

[Event "AUTO-ADV-4159"]
[Site "http://www.queenalice.com/game.php?id=1566391"]
[Date "2019.4.2"]
[Round "1"]
[White "Freethought"]
[Black "akleetch"]
[Result "0-1"]
[WhiteElo "1747"]
[BlackElo "1778"]

1. e4 e5 2. Nf3 Nc6 3. d4 Qe7 4. d5 Nd8 5. Nc3 d6 6. Be2 h6 7. O-O a6 8. Be3 Nf6
9. a4 c5 10. h3 Qc7 11. b3 Be7 12. Na2 Nxe4 13. c4 Bd7 14. Bd3 Nf6 15. Qc2 Qb8
16. Nc3 O-O 17. Qd2 Re8 18. Qc2 b6 19. Qd2 Nb7 20. Rab1 Na5 21. Bc2 b5 22. axb5
axb5 23. Bd3 b4 24. Nb5 Bxb5 25. cxb5 Nxd5 26. Bc4 Nc3 27. Rb2 Qb7 28. Qd3 e4
0-1

[Event "AUTO-ADV-4159"]
[Site "http://www.queenalice.com/game.php?id=1566392"]
[Date "2019.4.2"]
[Round "1"]
[White "akleetch"]
[Black "Freethought"]
[Result "1-0"]
[WhiteElo "1851"]
[BlackElo "1870"]

1. e4 c5 2. Bc4 e6 3. Nc3 d6 4. Nf3 Nf6 5. d4 cxd4 6. Nxd4 Be7 7. Qf3 O-O 8. Be2
Nc6 9. Nxc6 bxc6 10. Qg3 e5 11. Bh6 g6 12. Bxf8 Qxf8 13. O-O-O a5 14. h4 Be6 15.
h5 d5 16. Qxe5 dxe4 17. Nxe4 Nxe4 18. Qxe4 Rc8 19. h6 Bg5+ 20. Kb1 Bxh6 21. Ba6
Re8 22. Qxc6 Bg7 23. Bb5 Rc8 24. Qe4 Bf5 25. Qh4 Rxc2 26. Qxh7# 1-0

[Event "Challenge"]
[Site "http://www.queenalice.com/game.php?id=1567801"]
[Date "2019.4.16"]
[Round "-"]
[White "Freethought"]
[Black "alterego"]
[Result "0-1"]
[WhiteElo "1761"]
[BlackElo "1812"]

1. d4 d5 2. c4 Nf6 3. Nc3 g6 4. Nf3 Bg7 5. e3 O-O 6. cxd5 Nxd5 7. Be2 c6 8. O-O
a6 9. h3 Nd7 10. Nxd5 cxd5 11. Bd2 Nf6 12. Bb4 a5 13. Bc5 b6 14. Ba3 Bd7 15. Rc1
Ne4 16. Qb3 Re8 17. Qxd5 Nf6 18. Qb3 Be6 0-1

[Event "AUTO-INT-3406"]
[Site "http://www.queenalice.com/game.php?id=1568363"]
[Date "2019.4.21"]
[Round "2"]
[White "APSHOOTER"]
[Black "Freethought"]
[Result "0-1"]
[WhiteElo "1763"]
[BlackElo "1841"]

1. e4 c5 2. Bc4 e6 3. Nf3 Nc6 4. a3 d5 5. Bb5 Bd7 6. Nc3 Be7 7. exd5 exd5 8.
Nxd5 Nf6 9. Nxf6+ Bxf6 10. Qe2+ Be7 11. d3 Qa5+ 12. b4 Qxb5 13. O-O O-O 14. c4
Qb6 15. b5 Nd4 16. Qxe7 Nxf3+ 17. Kh1 Nxh2 18. Qxd7 Nxf1 19. Kg1 Qf6 20. Bb2
Qxb2 21. Rxf1 Qxa3 22. Qxb7 Qxd3 23. Ra1 Qxc4 24. Rxa7 Rxa7 25. Qxa7 Qxb5 26.
Qa1 Qd3 27. Qc1 c4 0-1

[Event "AUTO-INT-3406"]
[Site "http://www.queenalice.com/game.php?id=1568364"]
[Date "2019.4.21"]
[Round "2"]
[White "Freethought"]
[Black "APSHOOTER"]
[Result "0-1"]
[WhiteElo "1825"]
[BlackElo "1753"]

1. Nf3 Nc6 2. e4 Nf6 3. Nc3 a6 4. Bc4 h6 5. d4 e6 6. O-O d5 7. exd5 exd5 8. Bd3
Bg4 9. h3 Bh5 10. g4 Bg6 11. Bxg6 fxg6 12. Qd3 Ne4 13. Nxe4 dxe4 14. Qxe4+ Qe7
15. Qxg6+ Kd7 16. Re1 Qf6 17. Qd3 Bd6 18. c4 Rae8 19. Be3 Qxf3 20. c5 Bf4 21.
Bxf4 Rxe1+ 0-1